000
00217 a2200097 4500
001
28602
100
_a
Yarnton, D
245
_a
Practical Course in Powder Metallurgy
260
_a
_b
Cassell
_c
090
_c
19139
_d
19139
942
_a
NUST-CAE
_c
M
_c
10157
999
_c
263675
_d
263675